[Event "DEM U16w 2022"]
[Site "Willingen GER"]
[Date "2022.06.11"]
[Round "9"]
[White "Derling, Charlotte"]
[Black "Hubert, Charlotte"]
[Result "0-1"]
[Termination "normal"]
[Board "5"]
[WhiteElo "1506"]
[BlackElo "1651"]
[WhiteClock "00:06:12"]
[BlackClock "00:03:50"]
[PlyCount "120"]
[WhiteFideId "16222237"]
[BlackFideId "16265920"]
[EventCountry "GER"]
[EventRounds "9"]
[EventType "swiss"]
[EventDate "2022.06.04"]

1. e4 {[%clk 1:30:56]} c5 {[%clk 1:30:51]} 2. Nf3 {[%clk 1:31:16]} d6 {[%clk
1:31:16]} 3. d4 {[%clk 1:31:35]} cxd4 {[%clk 1:31:40]} 4. Nxd4 {[%clk 1:31:57]}
Nf6 {[%clk 1:32:02]} 5. Nc3 {[%clk 1:32:15]} a6 {[%clk 1:32:26]} 6. Be3 {[%clk
1:32:30]} e5 {[%clk 1:32:49]} 7. Nf3 {[%clk 1:32:42]} Be7 {[%clk 1:31:50]} 8.
Bc4 {[%clk 1:31:55]} Be6 {[%clk 1:30:38]} 9. Bb3 {[%clk 1:31:16]} Nc6 {[%clk
1:29:04]} 10. O-O {[%clk 1:28:05]} O-O {[%clk 1:27:05]} 11. Ng5 {[%clk
1:22:35]} Bxb3 {[%clk 1:24:07]} 12. axb3 {[%clk 1:18:45]} h6 {[%clk 1:10:03]}
13. Nf3 {[%clk 1:18:04]} Qc7 {[%clk 1:03:27]} 14. Qd2 {[%clk 1:16:21]} Rfd8
{[%clk 0:53:30]} 15. Nd5 {[%clk 1:08:04]} Nxd5 {[%clk 0:52:22]} 16. exd5 {[%clk
1:08:09]} Nb8 {[%clk 0:52:20]} 17. Ra4 {[%clk 1:01:07]} f5 {[%clk 0:22:35]} 18.
g3 {[%clk 0:57:35]} Rf8 {[%clk 0:19:42]} 19. Ne1 {[%clk 0:53:05]} Nd7 {[%clk
0:16:21]} 20. Rc4 {[%clk 0:51:21]} Qd8 {[%clk 0:15:51]} 21. f4 {[%clk 0:48:37]}
e4 {[%clk 0:14:02]} 22. Rb4 Qc8 {[%clk 0:12:26]} 23. c4 {[%clk 0:45:16]} Nc5
{[%clk 0:12:13]} 24. Bxc5 {[%clk 0:38:25]} Qxc5+ {[%clk 0:12:31]} 25. Kg2
{[%clk 0:35:57]} Rab8 {[%clk 0:12:39]} 26. Ra4 Bf6 {[%clk 0:12:14]} 27. Ra2
{[%clk 0:27:23]} b5 {[%clk 0:09:49]} 28. Rxa6 {[%clk 0:22:08]} bxc4 {[%clk
0:08:35]} 29. Rc6 {[%clk 0:20:26]} Qb4 {[%clk 0:06:16]} 30. Qxb4 {[%clk
0:18:59]} Rxb4 {[%clk 0:06:39]} 31. bxc4 {[%clk 0:18:26]} Rxb2+ {[%clk
0:07:02]} 32. Rf2 {[%clk 0:17:11]} Rxf2+ {[%clk 0:07:21]} 33. Kxf2 {[%clk
0:17:31]} Bd4+ {[%clk 0:07:43]} 34. Kg2 {[%clk 0:16:59]} Bc5 {[%clk 0:07:42]}
35. Ra6 Rb8 {[%clk 0:07:51]} 36. Ra2 {[%clk 0:15:32]} Rb4 {[%clk 0:07:31]} 37.
Rc2 {[%clk 0:15:48]} Kf7 {[%clk 0:05:45]} 38. h3 {[%clk 0:14:18]} Ke7 {[%clk
0:05:08]} 39. Kh2 {[%clk 0:11:59]} Kf6 {[%clk 0:04:26]} 40. g4 {[%clk 0:11:21]}
g5 {[%clk 0:03:18]} 41. Ng2 {[%clk 0:06:16]} Bd4 {[%clk 0:18:26]} 42. fxg5+
{[%clk 0:34:00]} hxg5 {[%clk 0:18:30]} 43. gxf5 {[%clk 0:34:09]} Kxf5 {[%clk
0:18:46]} 44. Rc1 {[%clk 0:29:38]} e3 {[%clk 0:15:25]} 45. Kg3 {[%clk 0:28:18]}
Ke4 {[%clk 0:14:55]} 46. Kg4 {[%clk 0:25:43]} e2 {[%clk 0:12:52]} 47. Rc2
{[%clk 0:23:15]} Kd3 {[%clk 0:10:05]} 48. Ne1+ {[%clk 0:22:21]} Ke3 {[%clk
0:10:16]} 49. Kxg5 {[%clk 0:20:47]} Rb1 {[%clk 0:06:09]} 50. Ng2+ {[%clk
0:19:06]} Kf3 {[%clk 0:05:52]} 51. Nh4+ {[%clk 0:18:15]} Kf2 {[%clk 0:05:57]}
52. Nf5 {[%clk 0:17:10]} Rg1+ {[%clk 0:05:07]} 53. Kf4 {[%clk 0:16:19]} Bc5
{[%clk 0:04:24]} 54. Nh4 {[%clk 0:14:10]} Rg8 {[%clk 0:02:49]} 55. Ke4 {[%clk
0:10:55]} Kf1 {[%clk 0:02:38]} 56. Nf3 {[%clk 0:08:51]} Re8+ {[%clk 0:03:00]}
57. Kf4 {[%clk 0:08:13]} Rf8+ {[%clk 0:03:12]} 58. Kg4 {[%clk 0:07:57]} Rxf3
{[%clk 0:03:26]} 59. Kxf3 {[%clk 0:07:24]} e1=Q {[%clk 0:03:45]} 60. Rh2 {[%clk
0:06:12]} Qe3+ {[%clk 0:03:50]} 0-1

[Event "DEM U16w 2022"]
[Site "Willingen GER"]
[Date "2022.06.11"]
[Round "9"]
[White "Petersen, Sophie"]
[Black "Duchstein, Anna"]
[Result "1/2-1/2"]
[Termination "normal"]
[Board "6"]
[WhiteElo "1653"]
[BlackElo "1661"]
[WhiteClock "00:59:53"]
[BlackClock "01:06:15"]
[PlyCount "34"]
[WhiteFideId "16229380"]
[BlackFideId "16261372"]
[EventCountry "GER"]
[EventRounds "9"]
[EventType "swiss"]
[EventDate "2022.06.04"]

1. e4 {[%clk 1:30:59]} d5 {[%clk 1:30:56]} 2. exd5 {[%clk 1:31:23]} Qxd5 {[%clk
1:31:20]} 3. Nc3 {[%clk 1:31:47]} Qd6 {[%clk 1:31:45]} 4. d4 {[%clk 1:31:15]}
a6 {[%clk 1:32:00]} 5. Nf3 {[%clk 1:30:27]} Nf6 {[%clk 1:32:20]} 6. h3 {[%clk
1:28:09]} Nc6 {[%clk 1:30:16]} 7. Be3 {[%clk 1:25:36]} Bf5 {[%clk 1:29:32]} 8.
g4 {[%clk 1:20:33]} Be6 {[%clk 1:29:08]} 9. g5 {[%clk 1:17:05]} Nd5 {[%clk
1:26:01]} 10. Ne4 {[%clk 1:10:34]} Qb4+ {[%clk 1:17:27]} 11. Bd2 {[%clk
1:10:04]} Qxb2 {[%clk 1:13:17]} 12. Rb1 {[%clk 1:09:14]} Qxa2 {[%clk 1:08:35]}
13. c4 {[%clk 1:07:51]} Bf5 {[%clk 1:06:16]} 14. Ra1 {[%clk 1:04:34]} Qb2
{[%clk 1:05:23]} 15. Rb1 {[%clk 1:01:01]} Qa2 {[%clk 1:05:35]} 16. Ra1 {[%clk
1:00:30]} Qb2 {[%clk 1:05:58]} 17. Rb1 {[%clk 0:59:53]} Qa2 {[%clk 1:06:15]}
1/2-1/2

[Event "DEM U16w 2022"]
[Site "Willingen GER"]
[Date "2022.06.11"]
[Round "9"]
[White "Sarian, Gaya"]
[Black "Glowiak, Alexandra"]
[Result "1-0"]
[Termination "normal"]
[Board "7"]
[WhiteElo "1181"]
[BlackElo "1503"]
[WhiteClock "00:03:12"]
[BlackClock "00:04:48"]
[PlyCount "51"]
[WhiteFideId "16266161"]
[BlackFideId "16259530"]
[EventCountry "GER"]
[EventRounds "9"]
[EventType "swiss"]
[EventDate "2022.06.04"]

1. d4 {[%clk 1:30:56]} d5 {[%clk 1:30:56]} 2. c4 {[%clk 1:31:18]} e6 {[%clk
1:31:16]} 3. Nc3 {[%clk 1:31:03]} Nf6 {[%clk 1:31:35]} 4. cxd5 {[%clk 1:31:17]}
exd5 {[%clk 1:31:51]} 5. Bg5 {[%clk 1:31:29]} Be7 {[%clk 1:31:40]} 6. Qc2
{[%clk 1:31:35]} O-O {[%clk 1:31:10]} 7. e3 {[%clk 1:31:33]} Nbd7 {[%clk
1:31:05]} 8. Bd3 {[%clk 1:30:59]} c6 {[%clk 1:30:39]} 9. Nge2 {[%clk 1:30:17]}
Re8 {[%clk 1:25:47]} 10. O-O {[%clk 1:29:55]} Nf8 {[%clk 1:24:28]} 11. f3
{[%clk 1:27:15]} N6d7 {[%clk 0:56:05]} 12. Bxe7 {[%clk 1:20:41]} Qxe7 {[%clk
0:55:22]} 13. e4 {[%clk 1:15:33]} Nb6 {[%clk 0:53:46]} 14. Rae1 {[%clk
0:56:23]} Be6 {[%clk 0:45:00]} 15. e5 {[%clk 0:39:48]} f6 {[%clk 0:25:55]} 16.
f4 {[%clk 0:34:43]} fxe5 {[%clk 0:25:04]} 17. fxe5 {[%clk 0:33:30]} Nc8 {[%clk
0:16:16]} 18. Rf3 {[%clk 0:28:02]} Qd7 {[%clk 0:14:03]} 19. Ref1 {[%clk
0:26:15]} Ne7 {[%clk 0:13:29]} 20. Nf4 {[%clk 0:18:27]} Bf5 {[%clk 0:11:39]}
21. Rg3 {[%clk 0:04:10]} Bxd3 {[%clk 0:09:44]} 22. Qxd3 {[%clk 0:04:30]} Nf5
{[%clk 0:04:11]} 23. e6 {[%clk 0:03:33]} Nxe6 {[%clk 0:04:22]} 24. Qxf5 {[%clk
0:03:14]} Qd6 {[%clk 0:04:27]} 25. Nxe6 {[%clk 0:03:12]} Rxe6 {[%clk 0:04:48]}
26. Qf7+ 1-0

[Event "DEM U16w 2022"]
[Site "Willingen GER"]
[Date "2022.06.11"]
[Round "9"]
[White "Köpnick, Amanda"]
[Black "Alferova, Emily"]
[Result "0-1"]
[Termination "normal"]
[Board "8"]
[WhiteElo "1162"]
[BlackElo "1523"]
[WhiteClock "01:01:56"]
[BlackClock "00:09:33"]
[PlyCount "66"]
[WhiteFideId "34618538"]
[BlackFideId "16265904"]
[EventCountry "GER"]
[EventRounds "9"]
[EventType "swiss"]
[EventDate "2022.06.04"]

1. e4 {[%clk 1:30:56]} e5 {[%clk 1:30:57]} 2. Nf3 {[%clk 1:31:15]} Nc6 {[%clk
1:31:23]} 3. Bc4 {[%clk 1:31:36]} Bc5 {[%clk 1:31:48]} 4. c3 {[%clk 1:31:52]}
Nf6 {[%clk 1:32:13]} 5. d4 {[%clk 1:31:54]} exd4 {[%clk 1:32:37]} 6. cxd4
{[%clk 1:32:12]} Bb4+ {[%clk 1:33:03]} 7. Nc3 {[%clk 1:32:29]} Nxe4 {[%clk
1:33:27]} 8. O-O {[%clk 1:32:43]} Bxc3 {[%clk 1:33:45]} 9. d5 {[%clk 1:32:47]}
Bf6 {[%clk 1:20:18]} 10. dxc6 O-O {[%clk 1:12:54]} 11. cxb7 {[%clk 1:27:13]}
Bxb7 {[%clk 1:13:07]} 12. Bd5 {[%clk 1:27:28]} Rb8 {[%clk 1:05:16]} 13. Bxb7
{[%clk 1:25:24]} Rxb7 {[%clk 1:05:40]} 14. Qd5 {[%clk 1:25:08]} Nd6 {[%clk
1:05:58]} 15. Rb1 {[%clk 1:23:42]} Rb5 {[%clk 1:02:09]} 16. Qd3 {[%clk
1:21:39]} Qb8 {[%clk 0:59:53]} 17. b3 {[%clk 1:17:44]} Qb7 {[%clk 0:55:01]} 18.
Rd1 {[%clk 1:15:57]} Re8 {[%clk 0:39:24]} 19. Bf4 {[%clk 1:14:40]} Re6 {[%clk
0:29:01]} 20. Re1 {[%clk 1:13:33]} Rd5 {[%clk 0:27:14]} 21. Qc2 {[%clk
1:13:33]} h6 {[%clk 0:15:53]} 22. Bxd6 {[%clk 1:12:33]} Rdxd6 {[%clk 0:16:07]}
23. Rxe6 {[%clk 1:12:30]} Rxe6 {[%clk 0:16:21]} 24. Qd2 {[%clk 1:11:16]} Rd6
{[%clk 0:12:51]} 25. Qe2 {[%clk 1:11:10]} Re6 {[%clk 0:12:39]} 26. Qd2 {[%clk
1:11:26]} Qc6 {[%clk 0:11:03]} 27. Nd4 {[%clk 1:10:33]} Qe4 {[%clk 0:11:15]}
28. Nc2 {[%clk 1:09:07]} Bg5 {[%clk 0:09:28]} 29. f3 Qf5 {[%clk 0:09:19]} 30.
Qf2 {[%clk 1:01:55]} Be3 {[%clk 0:09:01]} 31. Nxe3 {[%clk 1:01:52]} Qxb1+
{[%clk 0:09:20]} 32. Nf1 {[%clk 1:02:15]} Re1 {[%clk 0:09:14]} 33. h3 {[%clk
1:01:56]} d5 {[%clk 0:09:33]} 0-1

[Event "DEM U16w 2022"]
[Site "Willingen GER"]
[Date "2022.06.11"]
[Round "9"]
[White "Einacker, Anika"]
[Black "Pikki, Daria"]
[Result "1/2-1/2"]
[Termination "normal"]
[Board "9"]
[WhiteElo "1160"]
[BlackElo "1638"]
[WhiteClock "00:29:06"]
[BlackClock "00:41:00"]
[PlyCount "41"]
[WhiteFideId "34620591"]
[BlackFideId "16281306"]
[EventCountry "GER"]
[EventRounds "9"]
[EventType "swiss"]
[EventDate "2022.06.04"]

1. e4 {[%clk 1:30:58]} e5 {[%clk 1:30:54]} 2. Nf3 {[%clk 1:31:23]} Nc6 {[%clk
1:31:20]} 3. d4 {[%clk 1:31:43]} exd4 {[%clk 1:31:44]} 4. Bc4 {[%clk 1:31:27]}
Bc5 {[%clk 1:31:53]} 5. Ng5 {[%clk 1:30:25]} Nh6 {[%clk 1:30:41]} 6. Nxf7
{[%clk 1:30:21]} Nxf7 {[%clk 1:31:01]} 7. Bxf7+ {[%clk 1:30:27]} Kxf7 {[%clk
1:31:18]} 8. Qh5+ {[%clk 1:30:37]} g6 {[%clk 1:31:31]} 9. Qxc5 {[%clk 1:30:42]}
d6 {[%clk 1:31:30]} 10. Qb5 {[%clk 1:20:21]} Qh4 {[%clk 1:26:12]} 11. Nd2
{[%clk 1:14:54]} Rb8 {[%clk 1:20:47]} 12. Qd3 {[%clk 1:12:45]} Be6 {[%clk
1:18:51]} 13. Nf3 {[%clk 1:10:04]} Qe7 {[%clk 1:14:32]} 14. Nxd4 {[%clk
1:05:18]} Ne5 {[%clk 1:05:00]} 15. Qg3 {[%clk 0:59:15]} Ke8 {[%clk 0:58:18]}
16. O-O {[%clk 0:51:40]} Qf7 {[%clk 0:51:09]} 17. Be3 {[%clk 0:47:19]} Nc4
{[%clk 0:46:36]} 18. b3 {[%clk 0:45:38]} Nxe3 {[%clk 0:46:16]} 19. Qxe3 {[%clk
0:43:40]} Rd8 {[%clk 0:43:30]} 20. f3 {[%clk 0:33:21]} Bc8 {[%clk 0:41:00]} 21.
Rad1 {[%clk 0:29:06]} 1/2-1/2

[Event "DEM U16w 2022"]
[Site "Willingen GER"]
[Date "2022.06.11"]
[Round "9"]
[White "Racky, Selina"]
[Black "Foos, Vanessa"]
[Result "1-0"]
[Termination "normal"]
[Board "10"]
[WhiteElo "1424"]
[BlackElo "1462"]
[WhiteClock "00:35:14"]
[BlackClock "00:03:16"]
[PlyCount "111"]
[WhiteFideId "16239440"]
[BlackFideId "16245270"]
[EventCountry "GER"]
[EventRounds "9"]
[EventType "swiss"]
[EventDate "2022.06.04"]

1. e4 {[%clk 1:30:59]} d6 {[%clk 1:30:52]} 2. Nc3 {[%clk 1:29:56]} Nf6 {[%clk
1:31:03]} 3. f4 {[%clk 1:30:12]} g6 {[%clk 1:31:14]} 4. Nf3 {[%clk 1:30:29]}
Bg7 {[%clk 1:31:33]} 5. Bc4 {[%clk 1:30:50]} c6 {[%clk 1:30:40]} 6. Bb3 {[%clk
1:30:51]} O-O {[%clk 1:30:54]} 7. d3 {[%clk 1:31:18]} Nbd7 {[%clk 1:28:09]} 8.
O-O {[%clk 1:31:36]} b5 {[%clk 1:23:46]} 9. a3 {[%clk 1:31:18]} a5 {[%clk
1:19:23]} 10. Qe1 {[%clk 1:23:32]} Nc5 {[%clk 1:03:59]} 11. Ba2 {[%clk
1:10:06]} b4 {[%clk 1:02:58]} 12. Nb1 {[%clk 1:08:35]} Qb6 {[%clk 1:00:03]} 13.
Kh1 {[%clk 1:05:26]} bxa3 {[%clk 0:57:57]} 14. Nxa3 {[%clk 1:05:40]} a4 {[%clk
0:39:15]} 15. Nc4 {[%clk 1:00:22]} Qc7 {[%clk 0:38:28]} 16. Be3 {[%clk
0:58:16]} Nfd7 {[%clk 0:34:58]} 17. Rb1 {[%clk 0:56:39]} Rb8 {[%clk 0:28:32]}
18. Bd4 {[%clk 0:53:03]} f6 {[%clk 0:21:40]} 19. Nxd6+ {[%clk 0:52:01]} e6
{[%clk 0:15:35]} 20. Nxc8 {[%clk 0:51:23]} Qxc8 {[%clk 0:14:22]} 21. Qc3 {[%clk
0:50:13]} Rb5 {[%clk 0:12:24]} 22. Bxc5 {[%clk 0:46:48]} Nxc5 {[%clk 0:12:03]}
23. Nd4 {[%clk 0:47:00]} f5 {[%clk 0:11:10]} 24. e5 {[%clk 0:46:03]} Kh8 {[%clk
0:09:02]} 25. Nxb5 {[%clk 0:46:17]} cxb5 {[%clk 0:09:30]} 26. Rbc1 {[%clk
0:42:41]} Qc7 {[%clk 0:03:15]} 27. d4 {[%clk 0:42:24]} Na6 {[%clk 0:03:32]} 28.
Qxc7 {[%clk 0:42:25]} Nxc7 {[%clk 0:04:00]} 29. Rfd1 {[%clk 0:40:07]} Nd5
{[%clk 0:02:28]} 30. Bxd5 {[%clk 0:39:04]} exd5 {[%clk 0:02:55]} 31. Ra1 {[%clk
0:39:23]} Rc8 {[%clk 0:02:25]} 32. c3 {[%clk 0:39:47]} Bf8 {[%clk 0:02:23]} 33.
Re1 {[%clk 0:39:25]} Re8 {[%clk 0:02:20]} 34. Re2 {[%clk 0:38:58]} Bh6 {[%clk
0:02:27]} 35. g3 {[%clk 0:39:20]} Bf8 {[%clk 0:02:36]} 36. Rae1 {[%clk
0:39:03]} Kg7 {[%clk 0:02:40]} 37. e6 {[%clk 0:39:31]} Bd6 {[%clk 0:02:42]} 38.
Kg2 {[%clk 0:39:21]} h6 {[%clk 0:02:16]} 39. e7 {[%clk 0:36:49]} Kf7 {[%clk
0:02:24]} 40. Re6 {[%clk 0:36:11]} Rxe7 {[%clk 0:01:51]} 41. Rxe7+ {[%clk
0:36:35]} Bxe7 {[%clk 0:02:17]} 42. Re5 {[%clk 0:37:00]} b4 {[%clk 0:01:58]}
43. Rxd5 {[%clk 0:34:22]} bxc3 {[%clk 0:02:23]} 44. bxc3 {[%clk 0:34:40]} a3
{[%clk 0:02:36]} 45. Ra5 {[%clk 0:35:08]} Ke8 {[%clk 0:02:42]} 46. Kf2 {[%clk
0:35:21]} Kd7 {[%clk 0:03:07]} 47. Ke2 {[%clk 0:35:36]} Ke6 {[%clk 0:02:55]}
48. Kd3 {[%clk 0:35:56]} g5 {[%clk 0:03:01]} 49. fxg5 {[%clk 0:35:52]} hxg5
{[%clk 0:03:29]} 50. Kc2 {[%clk 0:35:49]} f4 {[%clk 0:03:50]} 51. Kd3 {[%clk
0:33:38]} fxg3 {[%clk 0:02:50]} 52. hxg3 {[%clk 0:34:04]} Kd7 {[%clk 0:03:01]}
53. g4 {[%clk 0:34:06]} Kc6 {[%clk 0:03:03]} 54. c4 {[%clk 0:34:23]} Kb6 {[%clk
0:02:53]} 55. Ra4 {[%clk 0:34:52]} Kc6 {[%clk 0:03:16]} 56. c5 {[%clk 0:35:14]}
1-0

[Event "DEM U16w 2022"]
[Site "Willingen GER"]
[Date "2022.06.11"]
[Round "9"]
[White "von Beckh, Frieda"]
[Black "Dohon, Maria-Johanna"]
[Result "1-0"]
[Termination "normal"]
[Board "11"]
[WhiteElo "1651"]
[BlackElo "1578"]
[WhiteClock "00:19:14"]
[BlackClock "00:12:32"]
[PlyCount "43"]
[WhiteFideId "16233751"]
[BlackFideId "34600957"]
[EventCountry "GER"]
[EventRounds "9"]
[EventType "swiss"]
[EventDate "2022.06.04"]

1. e4 {[%clk 1:30:57]} c6 {[%clk 1:30:55]} 2. d4 {[%clk 1:31:22]} d5 {[%clk
1:31:21]} 3. exd5 {[%clk 1:31:47]} cxd5 {[%clk 1:31:44]} 4. c4 {[%clk 1:32:13]}
Nf6 {[%clk 1:32:07]} 5. Nc3 {[%clk 1:32:38]} e6 {[%clk 1:32:32]} 6. Nf3 {[%clk
1:33:01]} Bb4 {[%clk 1:32:54]} 7. cxd5 {[%clk 1:33:24]} exd5 {[%clk 1:28:40]}
8. a3 {[%clk 1:13:30]} Bxc3+ {[%clk 1:25:25]} 9. bxc3 {[%clk 1:13:51]} O-O
{[%clk 1:24:22]} 10. Be2 {[%clk 1:10:29]} Nc6 {[%clk 1:18:33]} 11. O-O {[%clk
1:10:41]} Qc7 {[%clk 1:17:41]} 12. Qd3 {[%clk 1:02:55]} h6 {[%clk 1:01:29]} 13.
a4 {[%clk 1:00:19]} Ne7 {[%clk 0:52:22]} 14. Ne5 {[%clk 0:47:20]} Bf5 {[%clk
0:48:39]} 15. Qf3 {[%clk 0:42:07]} Ne4 {[%clk 0:27:11]} 16. c4 {[%clk 0:37:50]}
Bh7 {[%clk 0:18:52]} 17. Bf4 {[%clk 0:31:27]} Qd8 {[%clk 0:18:26]} 18. Bd3
{[%clk 0:25:22]} Nf6 {[%clk 0:18:24]} 19. c5 {[%clk 0:20:28]} Rc8 {[%clk
0:17:40]} 20. Bxh6 {[%clk 0:18:52]} Bxd3 {[%clk 0:12:55]} 21. Nxd3 {[%clk
0:19:06]} Ng6 {[%clk 0:12:32]} 22. Bg5 {[%clk 0:19:14]} 1-0

[Event "DEM U16w 2022"]
[Site "Willingen GER"]
[Date "2022.06.11"]
[Round "9"]
[White "Alhassan, Jodi"]
[Black "Miriieva, Amina"]
[Result "0-1"]
[Termination "normal"]
[Board "12"]
[WhiteElo "1225"]
[BlackElo "1155"]
[WhiteClock "00:01:11"]
[BlackClock "01:17:28"]
[PlyCount "52"]
[WhiteFideId "16250460"]
[BlackFideId "34154957"]
[EventCountry "GER"]
[EventRounds "9"]
[EventType "swiss"]
[EventDate "2022.06.04"]

1. e4 {[%clk 1:30:53]} e5 {[%clk 1:30:59]} 2. Nf3 {[%clk 1:31:12]} Nc6 {[%clk
1:31:22]} 3. Bc4 {[%clk 1:31:36]} Nf6 {[%clk 1:30:40]} 4. d3 {[%clk 1:31:26]}
d5 {[%clk 1:30:29]} 5. exd5 {[%clk 1:23:26]} Nxd5 {[%clk 1:30:54]} 6. Qe2
{[%clk 1:16:08]} Bg4 {[%clk 1:30:33]} 7. O-O {[%clk 0:44:19]} Be7 {[%clk
1:27:42]} 8. Be3 {[%clk 0:32:45]} O-O {[%clk 1:26:59]} 9. Nbd2 {[%clk 0:31:36]}
f5 {[%clk 1:26:19]} 10. Nb3 {[%clk 0:09:23]} Kh8 {[%clk 1:25:54]} 11. Rfd1
{[%clk 0:00:47]} Nf6 {[%clk 1:23:40]} 12. h3 {[%clk 0:00:42]} Bh5 {[%clk
1:23:54]} 13. Nc5 {[%clk 0:00:58]} f4 {[%clk 1:23:17]} 14. Ne6 {[%clk 0:01:08]}
Qd7 {[%clk 1:22:55]} 15. Nxf8 {[%clk 0:01:28]} Rxf8 {[%clk 1:22:22]} 16. Bd2
{[%clk 0:00:36]} Nd4 {[%clk 1:22:42]} 17. Qf1 {[%clk 0:00:40]} Nxf3+ {[%clk
1:22:13]} 18. gxf3 {[%clk 0:00:46]} Bxf3 {[%clk 1:22:33]} 19. Re1 {[%clk
0:00:46]} e4 {[%clk 1:20:29]} 20. Bxf4 {[%clk 0:00:33]} Nh5 {[%clk 1:19:41]}
21. Bh2 {[%clk 0:00:54]} Rf5 {[%clk 1:18:52]} 22. h4 {[%clk 0:00:37]} Bxh4
{[%clk 1:18:49]} 23. dxe4 {[%clk 0:00:39]} Rg5+ {[%clk 1:18:37]} 24. Bg3 {[%clk
0:01:05]} Nxg3 {[%clk 1:18:01]} 25. Qd3 {[%clk 0:01:11]} Nh1+ {[%clk 1:17:16]}
26. Kh2 {[%clk 0:01:11]} Rg2+ {[%clk 1:17:28]} 0-1